| 000 | 01000cam a2200301 i 4500 | ||
|---|---|---|---|
| 001 | 25137 | ||
| 003 | Mx-PuUPA | ||
| 005 | 20250714124623.0 | ||
| 008 | 140415s1973 mx a gr 000 0 spa d | ||
| 040 |
_aMx-PuUPA _bspa _cMx-PuUPA _dMx-PuUPA _erda |
||
| 041 | 0 | _aspa | |
| 043 | _an-mx--- | ||
| 100 | 1 |
_aFigueroa Torres, J. Jesús, _917310 _eautor |
|
| 245 | 1 | 3 |
_aEl remoto pasado del reino de Coliman / _cJesús Figueroa Torres |
| 250 |
_aSegunda edición _bjulio |
||
| 264 | 1 |
_aMéxico, D.F. : _bCosta-Amic Editor, _c©1973 |
|
| 300 |
_a134 páginas : _bilustraciones ; _c21 cm |
||
| 336 |
_2rdacontent _atexto _btxt |
||
| 337 |
_2rdamedia _asin medio _bn |
||
| 338 |
_2rdacarrier _avolumen _bnc |
||
| 650 | 7 |
_2armarc _aIndígenas de México _zColima (Estado) |
|
| 650 | 7 |
_2armarc _aAntigüedades |
|
| 651 | 4 |
_aColima (México : Estado) _xAntigüedades |
|
| 651 | 4 |
_aMéxico _zColima (Estado) |
|
| 942 |
_2ddc _cLI _h972.36 _iF47 |
||
| 999 |
_c25137 _d25137 |
||